Transworld business

Detalles Bibliográficos
Título anterior:Transworld skateboarding business
Transworld surf business
Transworld snowboarding business
Formato: Electrónico Revista
Lenguaje:inglés
Publicado: Oceanside, Calif. : Transworld Media, c2004-
Materias:
Acceso en línea:Full text available from Research Library: 07/01/2012 to 07/31/2012

MARC

LEADER 00000nas a22000007a 4500
001 ssj0000941099
003 WaSeSS
005 20200512172242.0
006 m d
007 cr n
008 040827c20049999caumr p s 0 a0eng c
010 |a  2004212567 
022 |l 1552-227X  |y 1552-227X 
032 |a 021091  |b USPS 
035 |a (WaSeSS)ssj0000941099 
037 |b Transworld Media, 353 Airport Road, Oceanside, Calif. 92054 
040 |a NSDP  |b eng  |c NSDP  |d OCoLC  |d WaSeSS 
042 |a nsdp  |a pcc 
082 1 0 |a 796  |2 13 
210 0 |a Transw. bus. 
222 0 |a Transworld business 
245 0 0 |a Transworld business  |h [electronic resource]. 
246 1 3 |a Transworld business magazine 
246 3 |a Trans world business 
260 |a Oceanside, Calif. :  |b Transworld Media,  |c c2004- 
310 |a Monthly 
362 0 |a Sept. 2004- 
500 |a "Skate, surf, snow." 
506 |a License restrictions may limit access. 
580 |a Merger of: Transworld skateboarding business; Transworld surf business; and, Transworld snowboarding business. 
580 |a Complemented by: Transworld skateboarding; Transworld snowboarding; and, Transworld surf. 
588 |a Description based on surrogate; title from cover. 
655 0 |a Electronic journals. 
780 1 4 |t Transworld skateboarding business  |x 1542-9229  |w (DLC) 2002213085  |w (OCoLC)51233700 
780 1 4 |t Transworld surf business 
780 1 4 |t Transworld snowboarding business 
787 1 |t Transworld skateboarding  |x 0748-7401  |w (DLC)sn 84006484  |w (OCoLC)10993467 
787 1 |t Transworld snowboarding  |x 1046-4611  |w (DLC)sn 89003668  |w (OCoLC)20411289 
787 1 |t Transworld surf  |x 1532-9402  |w (DLC) 00212921  |w (OCoLC)45547380 
856 4 0 |z Full text available from Research Library: 07/01/2012 to 07/31/2012  |u https://search.proquest.com/publication/1686350